00698nam a2200193 a 450000100100000000500170001000800410002702000150006804000250008310000190010824000560012724500890018326000320027230000280030449000340033250000310036650000730039783000340047000003401820200930070715.0110921s1980 es 000 0 spa d a8474321751 aDO-SdBNPbspacBNPHU1 aGilbert, Roger10aTítulo original :lfrancéskBon pour enseiguer?10a¿Quién es bueno para enseñar? :bproblemas de la formación de los docentes /. aBarcelona :bGedisa,c1980. a207 p. :bil. ;c21 cm.1 aBiblioteca de educaciónv12 aTercera reimpresión 1980 aIncluye referencias bibliográficas y notas al pie de las páginas 0aBiblioteca de educaciónv12